Arabic Alphabet Quiz - Initial Form - Statistics

General Stats
  • This quiz has been taken 82 times
  • The average score is 17 of 28
Answer Stats
Hint Answer % Correct
ا Alif
90%
شـ Shin
80%
د Dal
75%
لـ Laam
75%
سـ Sin
75%
ثـ Thaa
75%
و Waw
75%
ر Raa
70%
تـ Taa
70%
حـ Haa
65%
خـ Khaa
65%
صـ Saad
65%
بـ Baa
60%
فـ Faa
60%
هـ‎ Ha
60%
مـ Miim
60%
جـ Jeem
55%
قـ Qaaf
55%
ضـ Daad
50%
ذ Dhal
50%
طـ Ta
50%
ز Zayn
50%
ظـ Dha
45%
كـ Kaaf
45%
يـ Yaa
45%
عـ Ayn
40%
غـ Ghayn
40%
نـ Nuun
25%
No matching quizzes found
Score Distribution
Percent of People with Each Score
Percentile by Number Answered
Your Score History
You have not taken this quiz